00974nam a2200241 a 4500001001000000003000500010005001700015008004100032010001100073011001100084040000900095100003400104245019800138260004100336500006000377502007500437650002100512650003300533650003500566650002500601700003600626856007000662000112101CHAP20220329144246.0151203s2015 mx a fsm |||||||spa d a108562 a109534 cCHAP1 aFarias de los Santos, Alfredo10aNutrición, producción y composición de la leche de vacas holstein de la granja experimental de Chapingoh[En línea]cpor Alfredo Farías de los Santos y María de Lourdes Reyes Medel. aChapingo, Méx. :bEl autor,c2015. aPara ver el contenido del material haga clic en la liga aTesis (Ing. Agr. Esp. en Zootecnia) -- UACH. Departamento de Zootecnia14aGanado Holstein.14aGanado lecheroxNutrición.14aGanado vacunoxMéxico (Edo.)14aLechexProducción.1 aReyes Medel, María de Lourdes aFinding aiduhttp://10.13.5.2/tesis/sist112101.pdfzTeclea aquí